[Event "Xtracon Chess Open 2017"]
[Site "Helsingor DEN"]
[Date "2017.07.29"]
[Round "9.90"]
[White "Rishovd, Svein"]
[Black "Shehzad, Alisha"]
[Result "1-0"]
[WhiteElo "2092"]
[BlackElo "1573"]
[WhiteFideId "1513060"]
[BlackFideId "1521926"]
[EventDate "2017.07.22"]

1. d4 d5 2. c4 c6 3. Nf3 Nf6 4. g3 h6 5. cxd5 cxd5 6. Nc3 Bf5 7. Qb3 Bc8 8. Bf4
a6 9. Rc1 e6 10. Bg2 Bd6 11. Bxd6 Qxd6 12. Nb5 axb5 13. Rxc8+ Ke7 14. Rxh8 Ne8
15. Qxb5 Qc6 16. Qxc6 Nxc6 17. a3 Ra6 18. Kd2 Na5 19. Ne5 Rb6 20. b4 Nc6 21.
Nxc6+ Rxc6 22. Rc1 Rxc1 23. Rxe8+ Kxe8 24. Kxc1 Kd7 25. e4 dxe4 26. Bxe4 b6 27.
Kd2 Kd6 28. Kc3 f6 29. Kc4 g5 30. Kb5 Kc7 31. g4 e5 32. dxe5 fxe5 33. a4 Kc8 34.
Kxb6 Kb8 35. Bb7 e4 36. a5 e3 37. a6 e2 38. a7# 1-0

[Event "Xtracon Chess Open 2017"]
[Site "Helsingor DEN"]
[Date "2017.07.29"]
[Round "9.91"]
[White "Trost, Edvin"]
[Black "Molvig, Henrik"]
[Result "0-1"]
[BlackTitle "CM"]
[WhiteElo "1887"]
[BlackElo "2090"]
[WhiteFideId "1729519"]
[BlackFideId "1402625"]
[EventDate "2017.07.22"]

1. e4 c5 2. Nf3 d6 3. d4 cxd4 4. Nxd4 Nf6 5. Nc3 a6 6. Bg5 Nbd7 7. Bd3 Qb6 8.
Nb3 e6 9. Qe2 Be7 10. O-O O-O 11. Kh1 Qc7 12. f4 b5 13. Rae1 e5 14. Rf3 b4 15.
Nd5 Nxd5 16. exd5 Bxg5 17. fxg5 g6 18. Qf2 Bb7 19. Be4 Rae8 20. Qh4 Qd8 21. Qh6
f5 22. gxf6 Rxf6 23. Ref1 Ref8 24. h4 Rxf3 25. Rxf3 Rxf3 26. Bxf3 Nb6 27. g3 Qf6
28. Qe3 Qxf3+ 29. Qxf3 Bxd5 30. Qxd5+ Nxd5 31. Na5 Kf7 32. Nc6 Ke6 33. Kg1 Kd7
34. Na5 Nb6 35. a3 bxa3 36. bxa3 d5 37. Nb3 Kc6 38. Kf2 Kb5 39. Kf3 h5 40. g4
Nc4 41. a4+ Kxa4 42. Nc5+ Kb5 43. Ne6 a5 44. Nc7+ Kc6 0-1

[Event "Xtracon Chess Open 2017"]
[Site "Helsingor DEN"]
[Date "2017.07.29"]
[Round "9.92"]
[White "Holinka, Henning"]
[Black "Damm-Frydenberg, Anders"]
[Result "1-0"]
[WhiteElo "2087"]
[BlackElo "1614"]
[WhiteFideId "12967084"]
[BlackFideId "1462970"]
[EventDate "2017.07.22"]

1. e4 c6 2. d4 d5 3. Nc3 dxe4 4. Nxe4 Bf5 5. Ng3 Bg6 6. Nh3 e6 7. Nf4 Bd6 8.
Ngh5 Bxh5 9. Nxh5 g6 10. Ng3 Nf6 11. Be2 Nbd7 12. O-O h5 13. Re1 Qc7 14. c4 h4
15. Nf1 O-O-O 16. Qa4 Kb8 17. b4 Ne4 18. Bf3 Nxf2 19. Kxf2 Bxh2 20. Nxh2 Qxh2
21. Rh1 Qxh1 22. Bf4+ e5 23. Rxh1 exf4 24. c5 f5 25. b5 Nf6 26. bxc6 Ne4+ 27.
Bxe4 fxe4 28. Qb3 1-0

[Event "Xtracon Chess Open 2017"]
[Site "Helsingor DEN"]
[Date "2017.07.29"]
[Round "9.93"]
[White "Jarlnaes, Erik"]
[Black "Andersson, Kaj"]
[Result "0-1"]
[WhiteElo "1880"]
[BlackElo "2063"]
[WhiteFideId "1414623"]
[BlackFideId "1709860"]
[EventDate "2017.07.22"]

1. c4 c6 2. Nc3 d5 3. cxd5 cxd5 4. d4 Nf6 5. Bf4 e6 6. Rc1 Nc6 7. e3 Bd6 8. Bxd6
Qxd6 9. Nf3 O-O 10. Be2 a6 11. O-O b5 12. Bd3 Bb7 13. Qe2 e5 14. dxe5 Nxe5 15.
Nxe5 Qxe5 16. h3 Rfe8 17. Rfe1 Re7 18. Qd2 Rae8 19. Ne2 d4 20. exd4 Qd6 21. Red1
Nd5 22. Rc5 f5 23. a4 bxa4 24. Bc4 Kh8 25. Ng3 g6 26. Qa5 Nf6 27. Qxa4 f4 28.
Nf1 Ne4 29. Ra5 Qf6 30. Bxa6 Qh4 31. Qc2 Rc8 32. Bc4 Rxc4 33. Qxc4 Qxf2+ 34. Kh2
f3 35. Rg5 Nxg5 36. Rd2 Re2 37. Rxe2 fxe2 38. d5 exf1=Q 39. Qc3+ Kg8 40. Qg3
Q1g1# 0-1

[Event "Xtracon Chess Open 2017"]
[Site "Helsingor DEN"]
[Date "2017.07.29"]
[Round "9.94"]
[White "Svensson, Anders 1980"]
[Black "Sorensen, Torben Kyhl"]
[Result "0-1"]
[WhiteElo "1723"]
[BlackElo "2155"]
[WhiteFideId "1727818"]
[BlackFideId "1412248"]
[EventDate "2017.07.22"]

1. e4 d6 2. d4 Nf6 3. Nc3 g6 4. f4 Bg7 5. Nf3 O-O 6. Bd3 Nc6 7. e5 dxe5 8. dxe5
Nd5 9. Nxd5 Qxd5 10. O-O Nb4 11. Be3 Nxd3 12. Qxd3 Qxd3 13. cxd3 Bf5 14. Rfd1
Rfd8 15. Nd4 Bg4 16. Rd2 f6 17. e6 c5 18. Nb5 a6 19. Na3 b6 20. d4 Bxe6 21. dxc5
Rxd2 22. Bxd2 bxc5 23. Be3 Rc8 24. b3 f5 25. Re1 Bc3 26. Re2 Kf7 27. Nc4 Kf6 28.
Bf2 Bd4 29. Ne5 Rd8 30. Kf1 Bxf2 31. Kxf2 Rd1 32. Rc2 Ra1 33. Nd3 Bd5 34. Nxc5
a5 35. Rd2 e6 36. g3 Rc1 37. Nd3 Rc3 38. Ne5 a4 39. bxa4 Ra3 40. Ke2 Rxa4 41.
Rc2 g5 42. Nd7+ Ke7 43. Nc5 Ra3 44. Nb3 gxf4 45. gxf4 Kf6 46. Rb2 Ra4 47. Kd1
Rxa2 48. Rb1 Rxh2 49. Nd2 h5 50. Rb8 Kg7 51. Rc8 Rf2 52. Rc7+ Kg6 53. Rc8 Rxf4
54. Rg8+ Kf7 55. Rh8 h4 56. Ke1 Bg2 57. Nb3 h3 58. Nc5 Rf1+ 59. Ke2 e5 60. Rh6
e4 61. Nd7 Kg7 62. Rh4 f4 63. Rg4+ Kh6 64. Ne5 f3+ 65. Ke3 Re1+ 66. Kf2 Re2+ 67.
Kg3 Kh7 68. Rh4+ Kg8 69. Rg4+ Kf8 70. Rf4+ Ke7 71. Nc6+ Kd6 72. Nd4 Rd2 73. Rxe4
f2 74. Nf5+ Kd7 75. Re7+ Kd8 76. Rf7 f1=Q 0-1

[Event "Xtracon Chess Open 2017"]
[Site "Helsingor DEN"]
[Date "2017.07.29"]
[Round "9.95"]
[White "Jacobsen, Mikkel Manosri"]
[Black "Alfven, Jorgen"]
[Result "1-0"]
[WhiteTitle "FM"]
[WhiteElo "2247"]
[BlackElo "1927"]
[WhiteFideId "1444514"]
[BlackFideId "1715950"]
[EventDate "2017.07.22"]

1. d4 Nf6 2. Nf3 g6 3. c4 Bg7 4. Nc3 d6 5. Bg5 h6 6. Bh4 Nbd7 7. e3 O-O 8. Be2
c6 9. Qc2 e5 10. dxe5 Nxe5 11. O-O Be6 12. b3 Qe7 13. Nd4 Rad8 14. h3 g5 15. Bg3
Ng6 16. Rad1 Bc8 17. Bd3 Nh5 18. Nce2 Nxg3 19. Nxg3 Nh4 20. Bf5 Nxf5 21. Ndxf5
Bxf5 22. Nxf5 Qe5 23. f4 Qc5 24. fxg5 hxg5 25. Qe2 Qe5 26. Qh5 Qf6 27. h4 Rfe8
28. Nxd6 Rxd6 29. Rxd6 1-0

[Event "Xtracon Chess Open 2017"]
[Site "Helsingor DEN"]
[Date "2017.07.29"]
[Round "9.96"]
[White "Kolvig, Bent"]
[Black "McAndrew, Robert"]
[Result "0-1"]
[WhiteElo "2230"]
[BlackElo "1909"]
[WhiteFideId "1400746"]
[BlackFideId "2404915"]
[EventDate "2017.07.22"]

1. e4 c5 2. Nc3 Nc6 3. g3 g6 4. Bg2 Bg7 5. Nge2 h5 6. h4 d6 7. d3 Bg4 8. f3 Bd7
9. Be3 b5 10. Qd2 Rb8 11. O-O Nf6 12. d4 cxd4 13. Nxd4 Ne5 14. Qf2 Nc4 15. Bc1
Qb6 16. Rd1 Qc7 17. Nce2 O-O 18. c3 e5 19. Nc2 Bc6 20. Ne3 Nb6 21. g4 hxg4 22.
fxg4 Nxe4 23. Bxe4 Bxe4 24. Ng3 Bb7 25. Nef5 gxf5 26. gxf5 f6 27. Kh2 Kf7 28.
Qe2 Rh8 29. Qg4 Rbg8 30. Qg6+ Kf8 31. Nh5 Qc4 32. Bg5 Qe2+ 0-1

[Event "Xtracon Chess Open 2017"]
[Site "Helsingor DEN"]
[Date "2017.07.29"]
[Round "9.97"]
[White "Mansoor, Afras"]
[Black "Celander, Jesper"]
[Result "1-0"]
[WhiteElo "1917"]
[BlackElo "2127"]
[WhiteFideId "1522108"]
[BlackFideId "1705342"]
[EventDate "2017.07.22"]

1. d4 c5 2. d5 e5 3. c4 d6 4. Nc3 f5 5. e4 Nf6 6. Bd3 fxe4 7. Nxe4 Be7 8. Nxf6+
Bxf6 9. Qh5+ g6 10. Qh6 b5 11. Nf3 e4 12. Bxe4 Qe7 13. O-O Qg7 14. Qxg7 Bxg7 15.
Bf4 Kd7 16. cxb5 Rf8 17. Bg3 Bxb2 18. Rab1 Bf6 19. Nd2 Kc7 20. Bxd6+ Kxd6 21.
Nc4+ Kd7 22. d6 1-0

[Event "Xtracon Chess Open 2017"]
[Site "Helsingor DEN"]
[Date "2017.07.29"]
[Round "9.98"]
[White "Aasen, Kjetil Myrlid"]
[Black "Nielsen, John Bauneborg"]
[Result "0-1"]
[WhiteElo "1881"]
[BlackElo "2125"]
[WhiteFideId "1539027"]
[BlackFideId "1402439"]
[EventDate "2017.07.22"]

1. e4 g6 2. Nc3 Bg7 3. g3 c5 4. Bg2 Nc6 5. d3 d6 6. Be3 e6 7. Qd2 h5 8. f4 Nge7
9. Nf3 Nd4 10. Nd1 Nxf3+ 11. Bxf3 b6 12. O-O Ba6 13. Re1 Rc8 14. a4 d5 15. e5
Nc6 16. Bf2 Bf8 17. Nc3 Be7 18. Nb5 Bb7 19. Rad1 d4 20. Bxc6+ Rxc6 21. Nxa7 Rc7
22. Nb5 Rc8 23. c4 Bf3 24. Ra1 Ra8 25. h3 Kf8 26. Rf1 Bc6 27. b3 Kg7 28. Rfe1
Qd7 29. Kh2 Bb7 30. Rg1 Qc6 31. Raf1 f6 32. exf6+ Bxf6 33. Na3 Rhe8 34. Nc2 e5
35. fxe5 Bxe5 36. Re1 Qf3 37. Ref1 Rf8 38. Ne1 Qf5 39. Ng2 Bc7 0-1

[Event "Xtracon Chess Open 2017"]
[Site "Helsingor DEN"]
[Date "2017.07.29"]
[Round "9.99"]
[White "Skjoldager, Flemming"]
[Black "Madsen, Michael B."]
[Result "1/2-1/2"]
[WhiteElo "1906"]
[BlackElo "2092"]
[WhiteFideId "1406515"]
[BlackFideId "1413031"]
[EventDate "2017.07.22"]

1. e4 c5 2. Nf3 d6 3. d4 cxd4 4. Nxd4 Nf6 5. Nc3 Bd7 6. Be2 e5 7. Nb3 Bc6 8. Qd3
Be7 9. Bg5 Nbd7 10. O-O-O h6 11. Be3 a6 12. Kb1 b5 13. f3 Qc7 14. Nd5 Nxd5 15.
exd5 Bb7 16. c4 bxc4 17. Qxc4 Qxc4 18. Bxc4 O-O 19. Na5 1/2-1/2

[Event "Xtracon Chess Open 2017"]
[Site "Helsingor DEN"]
[Date "2017.07.29"]
[Round "9.100"]
[White "Pallesen, Jacob"]
[Black "Magnussen, Pal"]
[Result "0-1"]
[WhiteElo "2054"]
[BlackElo "1881"]
[WhiteFideId "1404881"]
[BlackFideId "1711814"]
[EventDate "2017.07.22"]

1. d4 Nf6 2. c4 c5 3. d5 b5 4. cxb5 a6 5. b6 Qxb6 6. Nc3 d6 7. Nf3 Bb7 8. e4
Nbd7 9. Nd2 g6 10. b3 Bg7 11. Bb2 O-O 12. Be2 Rfd8 13. Nc4 Qc7 14. O-O Nf8 15.
f4 e6 16. Bf3 exd5 17. exd5 Bc8 18. Re1 h5 19. h3 h4 20. Qd2 Bf5 21. Qf2 Bd3 22.
Ne3 Re8 23. Rad1 c4 24. bxc4 Bxc4 25. Nxc4 Qxc4 26. Rxe8 Rxe8 27. Rd4 Qc5 28.
Na4 Qa5 29. Bc3 Qc7 30. Rd3 Qc4 31. Qd4 Qb5 32. Rd2 Re1+ 33. Kh2 Qf1 34. g4 Qxf3 0-1

[Event "Xtracon Chess Open 2017"]
[Site "Helsingor DEN"]
[Date "2017.07.29"]
[Round "9.101"]
[White "Jepsen, Thomas Tange"]
[Black "Myrheim, Hakon Abeland"]
[Result "1-0"]
[WhiteElo "2052"]
[BlackElo "1880"]
[WhiteFideId "1405357"]
[BlackFideId "1526820"]
[EventDate "2017.07.22"]

1. d4 Nf6 2. c4 c5 3. d5 b5 4. Nf3 bxc4 5. Nc3 g6 6. e4 d6 7. Bxc4 Bg7 8. h3 O-O
9. O-O Ba6 10. Qd3 Bxc4 11. Qxc4 Nbd7 12. Bf4 Rb8 13. Qe2 Qa5 14. Rac1 Rb4 15.
b3 Rc8 16. Bd2 Rb7 17. Na4 Qb5 18. Rc4 Nb6 19. Nd4 cxd4 20. Nxb6 Rxc4 21. Nxc4
Nd7 22. Rc1 Rc7 23. f4 Nb6 24. Qd3 e6 25. a4 Qd7 26. a5 Nxc4 27. Rxc4 exd5 28.
Rxc7 Qxc7 29. exd5 Qc5 30. Qc4 d3+ 31. Qxc5 dxc5 32. Kf2 Bd4+ 33. Kf3 f5 34. a6
h6 35. g4 fxg4+ 36. Kxg4 Bf6 37. Kf3 Kf7 38. Ba5 Be7 39. Bb6 Ke8 40. Bxa7 Kd7
41. Bb6 Kc8 42. Ke3 Bd6 43. Kxd3 Bxf4 44. Bxc5 g5 45. Ke4 Kb8 46. Kf5 Kc8 47.
Kg6 Kb8 48. b4 Ka8 49. b5 Bb8 50. d6 h5 51. d7 Bc7 52. b6 Bd8 53. b7+ Kb8 54.
Bd6+ 1-0

[Event "Xtracon Chess Open 2017"]
[Site "Helsingor DEN"]
[Date "2017.07.29"]
[Round "9.102"]
[White "Nielsen, Aage Sondergaard"]
[Black "Skjoldager, Mikael"]
[Result "0-1"]
[WhiteElo "1861"]
[BlackElo "2050"]
[WhiteFideId "1409859"]
[BlackFideId "1434314"]
[EventDate "2017.07.22"]

1. e4 e5 2. Nf3 Nc6 3. Bc4 Bc5 4. d3 Nf6 5. O-O O-O 6. c3 a6 7. a4 Ba7 8. Be3
Bxe3 9. fxe3 d6 10. Nbd2 b6 11. Bb3 Bb7 12. Bc2 d5 13. exd5 Nxd5 14. Qe1 f5 15.
e4 fxe4 16. Nxe4 Qe7 17. Bb3 Rad8 18. Qg3 Kh8 19. Rae1 Nf4 20. d4 Rf5 21. Bc2
Nh5 22. Qh3 Bc8 23. g4 Rf4 24. Nxe5 Nxe5 25. Qxh5 Nf3+ 26. Rxf3 Rxf3 27. Kg2 Qf7
28. Qxf7 Rxf7 29. Ng5 Rf4 30. h3 h6 31. Nf3 Bb7 32. Re3 c5 33. Bd1 cxd4 34. cxd4
Rfxd4 35. Be2 Rd2 36. Kf2 Bxf3 37. Kxf3 Rf8+ 38. Kg3 a5 39. Re6 Rxb2 40. Bb5 Rb8
41. Kh4 Rb3 42. Rd6 g5+ 43. Kh5 Rxh3+ 44. Kg6 Rg8+ 45. Kf7 Rf3+ 46. Ke7 Kg7 47.
Bc4 Rb8 48. Kd7 Rf6 49. Be6 Rb7+ 50. Kc6 Re7 51. Bc8 Rxd6+ 52. Kxd6 Re4 53. Kd5
Rxa4 54. Bd7 Rb4 0-1

[Event "Xtracon Chess Open 2017"]
[Site "Helsingor DEN"]
[Date "2017.07.29"]
[Round "9.103"]
[White "Larsen, Preben R."]
[Black "Tabaa, Ghayth"]
[Result "0-1"]
[WhiteElo "1860"]
[BlackElo "2041"]
[WhiteFideId "1425790"]
[BlackFideId "7603819"]
[EventDate "2017.07.22"]

1. e4 d6 2. Nf3 Nf6 3. Nc3 e5 4. Bc4 Be7 5. d4 Nbd7 6. Ng5 O-O 7. Bxf7+ Rxf7 8.
Ne6 Qe8 9. Nxc7 Qd8 10. Nxa8 b5 11. dxe5 Nxe5 12. Be3 Bb7 13. Nxb5 Qa5+ 14. Nc3
Nxe4 15. O-O Nxc3 16. bxc3 Nf3+ 17. gxf3 Qh5 18. Rb1 Bxf3 19. Rb8+ Rf8 20. Rxf8+
Kxf8 21. Qxf3+ Qxf3 22. Nc7 Qg4+ 23. Kh1 Qc4 24. Bxa7 Qxf1# 0-1

[Event "Xtracon Chess Open 2017"]
[Site "Helsingor DEN"]
[Date "2017.07.29"]
[Round "9.104"]
[White "Kalveus, Jan"]
[Black "Brondum, Eric"]
[Result "1/2-1/2"]
[BlackTitle "FM"]
[WhiteElo "1856"]
[BlackElo "2040"]
[WhiteFideId "1721682"]
[BlackFideId "1400894"]
[EventDate "2017.07.22"]

1. d4 Nf6 2. Bg5 Ne4 3. Bf4 d5 4. e3 Bf5 5. Nd2 e6 6. Nxe4 Bxe4 7. Nf3 Nd7 8.
Bd3 Bxd3 9. Qxd3 Be7 10. O-O O-O 11. c4 dxc4 12. Qxc4 c6 13. Rac1 Qa5 14. Rfd1
Qh5 15. a3 Rac8 16. Qa4 Qb5 17. Qxb5 cxb5 18. Bc7 Nf6 1/2-1/2

[Event "Xtracon Chess Open 2017"]
[Site "Helsingor DEN"]
[Date "2017.07.29"]
[Round "9.105"]
[White "Fossan, Benjamin"]
[Black "Karlsson, Ulf"]
[Result "1/2-1/2"]
[WhiteElo "1855"]
[BlackElo "2036"]
[WhiteFideId "1518100"]
[BlackFideId "1721674"]
[EventDate "2017.07.22"]

1. e4 c5 2. Nf3 e6 3. b3 a6 4. Qe2 Nc6 5. Bb2 d6 6. g3 e5 7. Bg2 Nge7 8. O-O g6
9. c3 Bg7 10. Rd1 O-O 11. Na3 Kh8 12. d4 Qc7 13. Nc2 f5 14. d5 Nd8 15. c4 Nf7
16. Nd2 Bd7 17. f4 Rae8 18. Ne3 Kg8 19. fxe5 Nxe5 20. Nf3 Nxf3+ 21. Bxf3 fxe4
22. Bxe4 Nf5 23. Bxg7 Kxg7 24. Nxf5+ Rxf5 25. Qb2+ Rfe5 26. Bf3 Kg8 27. Qf2 Rf8
28. Rf1 Bh3 29. Qd2 Bxf1 30. Rxf1 Qe7 31. Bg4 Rxf1+ 32. Kxf1 Kg7 33. Be6 b6 34.
Kg2 Qf6 35. h4 Re4 36. Qd3 Rd4 37. Qe3 Qe5 38. Qf3 Qf6 39. Qe2 Qe5 40. Qf3 Qf6
41. Qe2 Kf8 42. Bc8 g5 43. h5 Kg7 44. Be6 Kh6 45. Kh3 Kg7 46. Kg2 g4 47. Bxg4
Qg5 48. Kh3 Rd2 49. Qe6 Qf6 50. Qd7+ Kf8 51. Qc8+ 1/2-1/2

[Event "Xtracon Chess Open 2017"]
[Site "Helsingor DEN"]
[Date "2017.07.29"]
[Round "9.106"]
[White "De Coninck, Erik"]
[Black "Jarve, Edvin"]
[Result "1-0"]
[WhiteElo "2032"]
[BlackElo "1843"]
[WhiteFideId "233234"]
[BlackFideId "1519824"]
[EventDate "2017.07.22"]

1. e4 e6 2. d3 c5 3. Nf3 Nc6 4. g3 Nge7 5. Bg2 g6 6. O-O Bg7 7. c3 e5 8. Be3 d6
9. Na3 O-O 10. Qd2 b6 11. Bh6 f5 12. Bxg7 Kxg7 13. exf5 Bxf5 14. Rfe1 Qd7 15.
Nc4 Be6 16. Ng5 Bg8 17. Ne3 h6 18. Bh3 Nf5 19. Nxf5+ gxf5 20. Nf3 Ne7 21. d4
cxd4 22. cxd4 e4 23. Rxe4 Bd5 24. Re3 Ng6 25. Rae1 Rfe8 26. Qe2 Rxe3 27. Qxe3
Qf7 28. Bg2 f4 29. Qa3 fxg3 30. fxg3 Rf8 31. Rf1 Qb7 32. Qe3 Ne7 33. Nh4 Bxg2
34. Nxg2 Nf5 35. Qf4 Qf7 36. Qg4+ Kh7 37. Rf4 h5 1-0

[Event "Xtracon Chess Open 2017"]
[Site "Helsingor DEN"]
[Date "2017.07.29"]
[Round "9.107"]
[White "Stokhaug, Jon Arne"]
[Black "Bjorneboe, Kristian"]
[Result "0-1"]
[WhiteElo "1847"]
[BlackElo "2023"]
[WhiteFideId "1506781"]
[BlackFideId "1424718"]
[EventDate "2017.07.22"]

1. Nf3 Nf6 2. c4 e6 3. g3 d5 4. Bg2 Be7 5. d4 c6 6. Qc2 O-O 7. O-O b6 8. b3 Bb7
9. Bb2 Nbd7 10. Nbd2 c5 11. Rfd1 Rc8 12. Ne5 cxd4 13. Bxd4 Bc5 14. Bxc5 Rxc5 15.
Nd3 Rc7 16. Qb2 Qa8 17. Rac1 Rfc8 18. Nf4 d4 19. Bxb7 Qxb7 20. Nh3 e5 21. f3 Nc5
22. Nf2 Rd7 23. Qc2 Rcd8 24. Nd3 Re8 25. Nxc5 bxc5 26. Ne4 Nxe4 27. Qxe4 Qxe4
28. fxe4 f6 29. Rd3 Rb7 30. Rf1 a5 31. a4 Reb8 32. Rff3 Kf7 33. g4 Kg6 34. Kg2
h6 35. Kg3 h5 36. h3 hxg4 37. hxg4 Rh8 38. Kg2 Rh4 39. Kg3 Rh6 40. Rf5 Rb8 41.
g5 Rh5 42. gxf6 Rxf5 43. exf5+ Kxf6 44. Kg4 Rh8 45. e4 Rh1 46. Rg3 Re1 47. Kh5
Rxe4 48. Rg6+ Kf7 49. Rc6 d3 50. Rxc5 d2 51. Rd5 Rd4 0-1

[Event "Xtracon Chess Open 2017"]
[Site "Helsingor DEN"]
[Date "2017.07.29"]
[Round "9.108"]
[White "Hansen, Ib Lynaes"]
[Black "Slettebo, Jan"]
[Result "0-1"]
[WhiteElo "1839"]
[BlackElo "2021"]
[WhiteFideId "1407511"]
[BlackFideId "1704958"]
[EventDate "2017.07.22"]

1. e4 e5 2. Nf3 Nc6 3. Bb5 Nge7 4. c3 d5 5. Nxe5 dxe4 6. O-O Qd5 7. Nxc6 bxc6 8.
Ba4 Ba6 9. Re1 Bd3 10. Bb3 Qf5 11. Bc2 O-O-O 12. Bxd3 exd3 13. c4 Ng6 14. Re3
Bc5 15. Rf3 Nf4 16. Qf1 Rhe8 17. Nc3 g5 18. g4 Qg6 19. Rb1 Bd4 20. b4 Bxc3 21.
dxc3 d2 0-1

[Event "Xtracon Chess Open 2017"]
[Site "Helsingor DEN"]
[Date "2017.07.29"]
[Round "9.109"]
[White "Schrodt, Sebastian"]
[Black "Rasmussen, Henrik"]
[Result "0-1"]
[WhiteElo "2007"]
[BlackElo "1822"]
[WhiteFideId "24675563"]
[BlackFideId "1437011"]
[EventDate "2017.07.22"]

1. Nf3 d5 2. c4 c6 3. g3 Nf6 4. Bg2 g6 5. b3 Bg7 6. Bb2 O-O 7. d3 Nbd7 8. Nbd2
Re8 9. Rc1 e5 10. e4 Nc5 11. Nxe5 Rxe5 12. Bxe5 Nxd3+ 13. Kf1 Nxe5 14. cxd5 cxd5
15. Nc4 Bg4 16. f3 dxc4 17. Qxd8+ Rxd8 18. fxg4 Nfxg4 19. Ke2 cxb3 20. axb3 Nc6
21. Kf3 Nge5+ 22. Ke2 Nd4+ 23. Kf1 Nxb3 24. Rc7 Rd1+ 25. Ke2 Rd2+ 26. Kf1 Nd3
27. Rxb7 Nd4 28. h4 Rf2+ 29. Kg1 Ne2+ 30. Kh2 Be5 31. Kh3 h5 32. Rd1 Bxg3 33.
Rxd3 Be5 34. Rd1 Nf4+ 35. Kg3 Rxg2+ 36. Kf3 Ra2 37. Rd8+ Kg7 38. Rdd7 Ra3+ 39.
Kf2 Nd3+ 40. Ke2 Nc5 41. Rxf7+ Kg8 42. Rxa7 Rxa7 43. Rxa7 Nxe4 44. Kf3 Nd6 45.
Re7 Nf7 46. Ra7 Kg7 47. Rb7 Kf6 48. Ra7 Nd6 49. Ra6 Kg7 50. Ra7+ Kh6 51. Re7 Bc3
52. Re3 Bg7 53. Re7 Nf5 54. Rf7 Nxh4+ 55. Kg3 Kg5 56. Kf2 Nf5 57. Kf3 h4 58. Rb7
Kh5 59. Kf4 Bh6+ 60. Kf3 g5 61. Rb4 Bg7 62. Rb7 Nd4+ 63. Ke4 Kg6 64. Rb6+ Bf6
65. Rb8 h3 66. Rb1 Kh5 67. Ke3 g4 68. Kf4 Ne2+ 69. Kf5 Bc3 70. Ke4 Ng3+ 71. Kf4
Be5+ 72. Kxe5 h2 73. Rb8 Kh4 0-1

[Event "Xtracon Chess Open 2017"]
[Site "Helsingor DEN"]
[Date "2017.07.29"]
[Round "9.110"]
[White "French, Max"]
[Black "Hansen, Simon L."]
[Result "1/2-1/2"]
[WhiteElo "2001"]
[BlackElo "1819"]
[WhiteFideId "426652"]
[BlackFideId "1446894"]
[EventDate "2017.07.22"]

1. d4 Nf6 2. c4 g6 3. Nc3 Bg7 4. e4 d6 5. Be2 O-O 6. Be3 e5 7. d5 a5 8. h4 h6 9.
g4 Nh7 10. Qd2 g5 11. h5 Nf6 12. Qd1 Na6 13. Rb1 Qd7 14. f3 Qd8 15. Kf2 c5 16.
Bd3 Nd7 17. Nge2 f6 18. Ng3 Ndb8 19. b3 Nc7 20. a3 Nba6 21. Na2 Bd7 22. Qe2 Ra7
23. b4 axb4 24. axb4 b6 25. b5 Nb8 26. Nc3 Ne8 27. Ra1 Qc7 28. Qb2 Rf7 29. Na4
Bc8 30. Ra3 Kh8 31. Rha1 Kg8 32. R1a2 Kh8 33. Qa1 Kg8 34. Ne2 Kh8 35. Nc1 Bf8
36. Nb3 Be7 37. Nc3 Rxa3 38. Rxa3 Bd8 39. Ra8 Bb7 40. Ra7 Kg8 41. Bd2 Rg7 42.
Nc1 Rf7 43. Bf1 Rg7 44. Nd3 Rf7 45. Nb2 Rg7 46. Ra2 Bc8 47. Nca4 Qb7 48. Qb1 Rf7
49. Ra1 Rg7 50. Nc3 Rf7 51. Nbd1 Ng7 52. Qa2 Ne8 53. Ne3 Ng7 54. Be2 Kf8 1/2-1/2

[Event "Xtracon Chess Open 2017"]
[Site "Helsingor DEN"]
[Date "2017.07.29"]
[Round "9.111"]
[White "Lodahl, Holger Ronnow"]
[Black "Frisk, Hans"]
[Result "0-1"]
[WhiteElo "1838"]
[BlackElo "1997"]
[WhiteFideId "1427342"]
[BlackFideId "1708570"]
[EventDate "2017.07.22"]

1. d4 Nf6 2. c4 e6 3. Nc3 Bb4 4. e3 O-O 5. Bd3 d5 6. Nf3 c5 7. a3 cxd4 8. exd4
Bxc3+ 9. bxc3 dxc4 10. Bxc4 Qc7 11. Qb3 Nc6 12. Be2 b6 13. O-O Bb7 14. Be3 Ng4
15. g3 Nxe3 16. fxe3 Na5 17. Qb4 Qc6 18. c4 Qe4 19. Qd2 Nb3 20. Qd3 Qxd3 21.
Bxd3 Nxa1 22. Rxa1 Bxf3 0-1

[Event "Xtracon Chess Open 2017"]
[Site "Helsingor DEN"]
[Date "2017.07.29"]
[Round "9.112"]
[White "Naesborg, Jens-Ole"]
[Black "Marthedal, Anton Mehmet Yildiz"]
[Result "0-1"]
[WhiteElo "1808"]
[BlackElo "1993"]
[WhiteFideId "1443577"]
[BlackFideId "1441540"]
[EventDate "2017.07.22"]

1. e4 c6 2. d4 d5 3. Bf4 dxe4 4. Nc3 Nf6 5. f3 exf3 6. Nxf3 Bg4 7. Bc4 e6 8. O-O
Bd6 9. Bg5 Be7 10. Qd3 Nbd7 11. Rae1 Qa5 12. Ne5 Nxe5 13. Rxe5 Qc7 14. h3 Bf5
15. Rfxf5 exf5 16. Qe2 Qd6 17. d5 cxd5 18. Nxd5 Nxd5 19. Bxd5 f6 20. Rxf5 fxg5
21. Bf7+ Kf8 22. Qh5 Bf6 23. Bb3 g6 24. Qh6+ Ke7 25. Rxg5 Bxg5 26. Qxg5+ Kd7 27.
Qb5+ Kc7 28. Qc4+ Kb8 29. Qc3 Rd8 30. Kh1 a5 31. Bc4 Qf4 32. Bd3 Ra6 0-1

[Event "Xtracon Chess Open 2017"]
[Site "Helsingor DEN"]
[Date "2017.07.29"]
[Round "9.113"]
[White "Meurman, Arne"]
[Black "Madison, Sigurd"]
[Result "1-0"]
[WhiteElo "1980"]
[BlackElo "1736"]
[WhiteFideId "1704923"]
[BlackFideId "1711806"]
[EventDate "2017.07.22"]

1. e4 e5 2. Nf3 Nc6 3. Bb5 a6 4. Ba4 d6 5. O-O Bg4 6. c3 b5 7. Bb3 Na5 8. Bc2 c5
9. Re1 Nc6 10. d3 Be7 11. Nbd2 Bf6 12. Nf1 Nge7 13. h3 Bh5 14. g4 Qd7 15. gxh5
Qxh3 16. N3h2 g6 17. h6 Ng8 18. Qg4 Qxg4+ 19. Nxg4 Be7 20. Nfe3 O-O-O 21. Bb3
Rf8 22. Rf1 Kb7 23. Nd5 f5 24. Nxe7 Ncxe7 25. Nh2 f4 26. Ng4 Nf6 27. Nxf6 Rxf6
28. Kg2 g5 29. Rh1 Ng6 30. Rh5 g4 31. Bd5+ Kb6 32. a4 Ne7 33. Bb3 Rhf8 34. axb5
axb5 35. Bd2 g3 36. Rah1 Rg6 37. Kf3 Kc6 38. Be1 Rb8 39. R5h3 c4 40. Bc2 Rf8 41.
d4 Ng8 42. fxg3 fxg3+ 43. Kg2 exd4 44. cxd4 Ra8 45. Rxg3 Rxh6 46. d5+ Kd7 47.
Rg7+ Ne7 48. Rxh6 1-0

[Event "Xtracon Chess Open 2017"]
[Site "Helsingor DEN"]
[Date "2017.07.29"]
[Round "9.114"]
[White "Svanholm, Borge Waaktaar"]
[Black "Carnstam, Tomas"]
[Result "1/2-1/2"]
[WhiteElo "1761"]
[BlackElo "1977"]
[WhiteFideId "1504835"]
[BlackFideId "1707221"]
[EventDate "2017.07.22"]

1. c4 b6 2. Nf3 Bb7 3. g3 Nf6 4. Bg2 e6 5. O-O Be7 6. d4 c5 7. Nc3 cxd4 8. Qxd4
Nc6 9. Qd2 Na5 10. b3 Ne4 11. Nxe4 Bxe4 12. Bb2 Bf6 13. Rfd1 O-O 14. Rac1 d5 15.
cxd5 Bxd5 16. Ne1 Bxg2 17. Kxg2 Qxd2 18. Rxd2 Rfd8 19. Rcc2 Bxb2 20. Rxb2 Kf8
21. Nf3 1/2-1/2